[Event "Llinars del Valles Seniors op 2nd"]
[Site "Llinars del Valles"]
[Date "2024.05.29"]
[Round "6"]
[White "Matamala Cabrera, Juan Carlos"]
[Black "Sanchez Fontanet, Lluis"]
[Result "1/2-1/2"]
[WhiteElo "1572"]
[BlackElo "1657"]
[PlyCount "40"]
[EventDate "2024.04.10"]
[EventType "swiss"]
[EventRounds "7"]
[EventCountry "ESP"]
[SourceTitle "CBM 220 Extra"]
[Source "ChessBase"]
[SourceDate "2024.07.31"]
[SourceVersion "1"]
[SourceVersionDate "2024.07.31"]
[SourceQuality "1"]

1. d4 Nf6 2. e3 e6 3. Bd3 d5 4. Nf3 Be7 5. Nbd2 0-0 6. h3 Nbd7 7. 0-0 c5 8. c3 c4 9. Bc2 b5 10. e4 dxe4 11. Nxe4 Bb7 12. Re1 Bxe4 13. Bxe4 Nxe4 14. Rxe4 Nf6 15. Re1 h6 16. Ne5 Rc8 17. Ng4 Nxg4 18. Qxg4 Bg5 19. Bxg5 Qxg5 20. Qxg5 hxg5 1/2-1/2

[Event "Llinars del Valles Seniors op 2nd"]
[Site "Llinars del Valles"]
[Date "2024.05.22"]
[Round "5"]
[White "Cuesta Sanz, Ruben"]
[Black "Matamala Cabrera, Juan Carlos"]
[Result "1-0"]
[WhiteElo "1674"]
[BlackElo "1572"]
[PlyCount "53"]
[EventDate "2024.04.10"]
[EventType "swiss"]
[EventRounds "7"]
[EventCountry "ESP"]
[SourceTitle "CBM 220 Extra"]
[Source "ChessBase"]
[SourceDate "2024.07.31"]
[SourceVersion "1"]
[SourceVersionDate "2024.07.31"]
[SourceQuality "1"]

1. d4 Nf6 2. Bf4 c6 3. e3 e6 4. Nf3 h6 5. Bd3 d6 6. c3 Be7 7. Nbd2 a6 8. Qe2 Nbd7 9. Nc4 Qc7 10. e4 Nb6 11. Nxb6 Qxb6 12. e5 Nd5 13. Bg3 Qd8 14. a3 b5 15. 0-0 f6 16. Bg6+ Kf8 17. exf6 Bxf6 18. Rac1 Ne7 19. Bc2 Bb7 20. Qxe6 c5 21. Bd3 Bxf3 22. gxf3 Qc7 23. dxc5 Qxc5 24. Bxd6 Qg5+ 25. Kh1 Re8 26. Rg1 Qf5 27. Bxf5 1-0